[Event "Kaluga Tsiolkovsky Memorial op"]
[Site "Kaluga"]
[Date "2013.08.07"]
[Round "5"]
[White "Belousov, Danila"]
[Black "Torlopov, Nikita"]
[Result "1-0"]
[WhiteElo "2336"]
[BlackElo "2188"]
[PlyCount "91"]
[EventDate "2013.08.03"]
[EventType "swiss"]
[EventRounds "9"]
[EventCountry "RUS"]
[SourceTitle "CBM 156 Extra"]
[Source "ChessBase"]
[SourceDate "2013.10.22"]
[SourceVersion "1"]
[SourceVersionDate "2013.10.22"]
[SourceQuality "1"]

1. e4 e6 2. d4 d5 3. Nc3 Bb4 4. e5 Ne7 5. a3 Bxc3+ 6. bxc3 b6 7. Qg4 Ng6 8. Bb5+ c6 9. Bd3 Ba6 10. h4 Bxd3 11. cxd3 h5 12. Qg3 c5 13. Nf3 Qc7 14. 0-0 Nc6 15. dxc5 Ncxe5 16. Ng5 Rc8 17. cxb6 Qxb6 18. Be3 Qc7 19. Bd4 0-0 20. Rab1 Ng4 21. Rb5 Nf4 22. Re1 Rb8 23. Rxb8 Rxb8 24. Kf1 Rb7 25. f3 f6 26. Nxe6 Nxe6 27. Qxc7 Nxc7 28. fxg4 Nb5 29. Rb1 a6 30. a4 Nd6 31. Rxb7 Nxb7 32. gxh5 Na5 33. Ke2 Nc6 34. Kf3 Kf7 35. g4 Ke6 36. Kf4 Nd8 37. g5 Nf7 38. c4 dxc4 39. dxc4 Nd6 40. c5 Nf5 41. Bf2 Ne7 42. Kg4 Nd5 43. c6 f5+ 44. Kf3 Nc3 45. Bd4 Nxa4 46. h6 1-0

[Event "Kaluga Tsiolkovsky Memorial op"]
[Site "Kaluga"]
[Date "2013.08.06"]
[Round "4"]
[White "Torlopov, Nikita"]
[Black "Chekhov, Sergey"]
[Result "1/2-1/2"]
[WhiteElo "2188"]
[BlackElo "2462"]
[PlyCount "103"]
[EventDate "2013.08.03"]
[EventType "swiss"]
[EventRounds "9"]
[EventCountry "RUS"]
[SourceTitle "CBM 156 Extra"]
[Source "ChessBase"]
[SourceDate "2013.10.22"]
[SourceVersion "1"]
[SourceVersionDate "2013.10.22"]
[SourceQuality "1"]

1. d4 Nf6 2. c4 e6 3. Nf3 b6 4. e3 Bb7 5. Bd3 Be7 6. 0-0 0-0 7. Nc3 d6 8. e4 Nbd7 9. Re1 e5 10. d5 a5 11. Rb1 Nh5 12. a3 g6 13. Qc2 Ng7 14. b4 axb4 15. axb4 f5 16. exf5 Nxf5 17. Ne4 b5 18. Bg5 Ra3 19. Rb3 Rxb3 20. Qxb3 Nb6 21. Ra1 Bxg5 22. Nexg5 Qf6 23. Ne4 Qf7 24. Ra5 bxc4 25. Bxc4 Nd4 26. Nxd4 exd4 27. Qd3 Nxc4 28. Qxc4 Qf4 29. Ra7 Qxe4 30. Rxb7 Ra8 31. Qc1 d3 32. Rxc7 Qxd5 33. Qc3 Qe5 34. Qxe5 dxe5 35. Rc1 Rb8 36. f3 Rxb4 37. Rd1 Rb3 38. Kf2 Rb2+ 39. Kf1 Kf7 40. Rxd3 Kf6 41. Re3 Kf5 42. Re4 g5 43. h3 Rd2 44. Kg1 Rd1+ 45. Kf2 Rd2+ 46. Kg3 Rd4 47. Re3 Ra4 48. Rc3 h5 49. Rc8 Ra7 50. Rf8+ Ke6 51. Re8+ Kf6 52. Rf8+ 1/2-1/2

[Event "Kimry Summer op 66th"]
[Site "Kimry"]
[Date "2013.06.10"]
[Round "5"]
[White "Torlopov, Nikita"]
[Black "Struzhkin, Denis"]
[Result "0-1"]
[WhiteElo "2189"]
[BlackElo "2084"]
[PlyCount "98"]
[EventDate "2013.06.08"]
[EventType "swiss"]
[EventRounds "7"]
[EventCountry "RUS"]
[SourceTitle "CBM 155 Extra"]
[Source "ChessBase"]
[SourceDate "2013.08.26"]
[SourceVersion "1"]
[SourceVersionDate "2013.08.26"]
[SourceQuality "1"]

1. d4 Nf6 2. c4 g6 3. Nc3 Bg7 4. Nf3 0-0 5. e4 d6 6. Be2 e5 7. d5 a5 8. Bg5 h6 9. Bh4 Na6 10. Nd2 Bd7 11. 0-0 Qe8 12. b3 Nh7 13. a3 h5 14. f3 Bh6 15. Kh1 Be3 16. Rb1 f5 17. exf5 Bxf5 18. Nde4 Nc5 19. Bd3 g5 20. Qe2 Bd4 21. Nxc5 Bxc5 22. b4 axb4 23. axb4 Bd4 24. Be1 Qg6 25. Bxf5 Qxf5 26. Bd2 Nf6 27. Rfd1 g4 28. Rf1 h4 29. fxg4 Qg6 30. h3 Bxc3 31. Bxc3 Ne4 32. Be1 Rxf1+ 33. Qxf1 Rf8 34. Qg1 Ng3+ 35. Bxg3 hxg3 36. Rf1 Qd3 37. Rxf8+ Kxf8 38. Qc1 Ke8 39. Qe1 e4 40. Qa1 e3 41. g5 Qf5 42. Kg1 Qf2+ 43. Kh1 Kf7 44. Qb1 Kg7 45. Qa1+ Kg6 46. h4 e2 47. h5+ Kxh5 48. Qh8+ Kg4 49. Qc8+ Qf5 0-1

[Event "Chigorin Memorial 20th"]
[Site "St Petersburg"]
[Date "2012.11.02"]
[Round "7"]
[White "Shuraev, Andrei"]
[Black "Torlopov, Nikita"]
[Result "1-0"]
[WhiteElo "2368"]
[BlackElo "2184"]
[PlyCount "87"]
[EventDate "2012.10.27"]
[EventType "swiss"]
[EventRounds "9"]
[EventCountry "RUS"]
[SourceTitle "EXT 2013"]
[Source "ChessBase"]
[SourceDate "2012.11.22"]
[SourceVersion "1"]
[SourceVersionDate "2012.11.22"]
[SourceQuality "1"]

1. c4 e6 2. g3 d5 3. Bg2 Nf6 4. Nf3 d4 5. 0-0 c5 6. e3 Nc6 7. exd4 cxd4 8. d3 Be7 9. Re1 0-0 10. Nbd2 Nd7 11. a3 a5 12. Qc2 e5 13. Rb1 Qc7 14. Ne4 h6 15. g4 Re8 16. h3 Bf8 17. b3 b6 18. Nh4 Rb8 19. Nf5 Nd8 20. b4 axb4 21. axb4 Ne6 22. Bd2 Kh7 23. Qc1 Bb7 24. h4 f6 25. Ra1 Ra8 26. Rxa8 Rxa8 27. Bh3 Ra4 28. g5 g6 29. Nxh6 Bxh6 30. Bxe6 Bxe4 31. Rxe4 f5 32. Bxd7 Qxd7 33. Rxe5 Bg7 34. Re1 Ra2 35. Bf4 Bf8 36. c5 bxc5 37. bxc5 Qa4 38. c6 Rc2 39. c7 Qc6 40. Qxc2 Qxc2 41. Rc1 Qe2 42. c8Q Qg4+ 43. Bg3 Bg7 44. Qd7 1-0

[Event "Chigorin Memorial 20th"]
[Site "St Petersburg"]
[Date "2012.11.01"]
[Round "6"]
[White "Torlopov, Nikita"]
[Black "Svetlov, Dmitry"]
[Result "1/2-1/2"]
[WhiteElo "2184"]
[BlackElo "2399"]
[PlyCount "102"]
[EventDate "2012.10.27"]
[EventType "swiss"]
[EventRounds "9"]
[EventCountry "RUS"]
[SourceTitle "EXT 2013"]
[Source "ChessBase"]
[SourceDate "2012.11.22"]
[SourceVersion "1"]
[SourceVersionDate "2012.11.22"]
[SourceQuality "1"]

1. d4 Nf6 2. c4 g6 3. Nc3 d5 4. Nf3 Bg7 5. Bf4 0-0 6. Rc1 c6 7. h3 dxc4 8. e3 b5 9. a4 Qb6 10. Be2 Nbd7 11. e4 b4 12. Nb1 Nxe4 13. Bxc4 Nd6 14. Be2 Nf5 15. 0-0 Nxd4 16. Nxd4 Bxd4 17. a5 Qxa5 18. Qxd4 e5 19. Qd6 exf4 20. Rxc6 Qe5 21. Bf3 Rb8 22. Qc7 Qxb2 23. Qxa7 Ne5 24. Qxb8 Nxf3+ 25. gxf3 Bxh3 26. Qxf4 Bxf1 27. Nd2 Bd3 28. Rb6 Qc1+ 29. Kh2 Rd8 30. Rb8 Rc8 31. Rxc8+ Qxc8 32. Qxb4 Qf5 33. Qg4 Qe5+ 34. Qg3 Qe2 35. Qb8+ Kg7 36. Qb2+ f6 37. Kg3 g5 38. Qb7+ Kg6 39. Ne4 h5 40. Qe7 h4+ 41. Kg2 Bxe4 42. fxe4 g4 43. Qe8+ Kg5 44. Qg8+ Kf4 45. Qb8+ Kxe4 46. Qe8+ Kd3 47. Qb5+ Kd2 48. Qb2+ Ke1 49. Qc1+ Qd1 50. Qe3+ Qe2 51. Qc1+ Qd1 1/2-1/2

[Event "Chigorin Memorial 20th"]
[Site "St Petersburg"]
[Date "2012.10.31"]
[Round "5"]
[White "Torlopov, Nikita"]
[Black "Lugovskoy, Maxim"]
[Result "1/2-1/2"]
[WhiteElo "2184"]
[BlackElo "2372"]
[PlyCount "122"]
[EventDate "2012.10.27"]
[EventType "swiss"]
[EventRounds "9"]
[EventCountry "RUS"]
[SourceTitle "EXT 2013"]
[Source "ChessBase"]
[SourceDate "2012.11.22"]
[SourceVersion "1"]
[SourceVersionDate "2012.11.22"]
[SourceQuality "1"]

1. Nf3 d5 2. g3 g6 3. Bg2 Bg7 4. 0-0 e5 5. d3 Ne7 6. c4 c6 7. e4 0-0 8. Nc3 Na6 9. Rb1 Nc7 10. b4 Bg4 11. h3 Bxf3 12. Bxf3 dxc4 13. dxc4 Ne6 14. Ne2 Nd4 15. Nxd4 exd4 16. Rb3 Qd7 17. Bg2 f5 18. h4 fxe4 19. Bxe4 Rae8 20. Bg2 Nf5 21. Rd3 Qf7 22. Qc2 Re6 23. b5 Rfe8 24. Qa4 cxb5 25. Qxb5 Nd6 26. Qa4 Ne4 27. Bb2 Kh8 28. Bxd4 Bxd4 29. Rxd4 Nc3 30. Rd7 Nxa4 31. Rxf7 R6e7 32. Rxe7 Rxe7 33. Bf3 b6 34. Rd1 Kg7 35. g4 Rc7 36. Bd5 Nc3 37. Rd2 Kf6 38. Kg2 Ke5 39. Kf3 b5 40. Ke3 bxc4 41. f4+ Kf6 42. Bf3 Nb5 43. g5+ Kg7 44. h5 h6 45. gxh6+ Kxh6 46. Rh2 Re7+ 47. Kd2 g5 48. fxg5+ Kxg5 49. h6 Rd7+ 50. Kc1 Rh7 51. Rh5+ Kf4 52. Bd1 Nd4 53. Bc2 Kg4 54. Rc5 Nxc2 55. Rxc4+ Kf5 56. Kxc2 Rxh6 57. Kb3 Ke5 58. Kb4 Kd5 59. Rc7 Rh2 60. a4 Kd6 61. Rxa7 Kc6 1/2-1/2

[Event "Kaluga Tsiolkovsky Memorial op"]
[Site "Kaluga"]
[Date "2012.08.08"]
[Round "9"]
[White "Shalin, Alexey"]
[Black "Torlopov, Nikita"]
[Result "0-1"]
[WhiteElo "2132"]
[BlackElo "2218"]
[PlyCount "60"]
[EventDate "2012.07.30"]
[EventType "swiss"]
[EventRounds "9"]
[EventCountry "RUS"]
[SourceTitle "EXT 2014"]
[Source "ChessBase"]
[SourceDate "2013.11.20"]
[SourceVersion "1"]
[SourceVersionDate "2013.11.20"]
[SourceQuality "1"]

1. e4 c5 2. c3 e6 3. d4 d5 4. e5 Nc6 5. Nf3 Bd7 6. a3 f6 7. exf6 Nxf6 8. b4 cxd4 9. cxd4 Bd6 10. Bd3 e5 11. dxe5 Nxe5 12. Be2 0-0 13. 0-0 Qe7 14. Nbd2 Rae8 15. g3 Nxf3+ 16. Bxf3 Bb5 17. Bb2 Bxf1 18. Nxf1 Be5 19. Bxd5+ Nxd5 20. Qxd5+ Qf7 21. Qxf7+ Kxf7 22. Bxe5 Rxe5 23. Ne3 Rd8 24. Kf1 Rd3 25. Ke2 Rb3 26. Kd2 a5 27. Nc2 Rf3 28. Rf1 a4 29. h4 Ke7 30. Kc1 Re2 0-1

[Event "Kaluga Tsiolkovsky Memorial op"]
[Site "Kaluga"]
[Date "2012.08.05"]
[Round "6"]
[White "Mishuchkov, Nikolai Mikhailovic"]
[Black "Torlopov, Nikita"]
[Result "1/2-1/2"]
[WhiteElo "2418"]
[BlackElo "2218"]
[PlyCount "106"]
[EventDate "2012.07.30"]
[EventType "swiss"]
[EventRounds "9"]
[EventCountry "RUS"]
[SourceTitle "EXT 2014"]
[Source "ChessBase"]
[SourceDate "2013.11.20"]
[SourceVersion "1"]
[SourceVersionDate "2013.11.20"]
[SourceQuality "1"]

1. Nf3 Nf6 2. d4 e6 3. c4 d5 4. e3 Nbd7 5. Nbd2 c5 6. b3 b6 7. Bb2 Bb7 8. Bd3 Be7 9. 0-0 0-0 10. Qe2 Ne4 11. cxd5 exd5 12. Ba6 Qc8 13. Bxb7 Qxb7 14. dxc5 Ndxc5 15. Rfd1 Bf6 16. Bxf6 Nxf6 17. Nd4 Nce4 18. Nxe4 dxe4 19. Nf5 Rfd8 20. Qb2 h5 21. Qe5 Qb8 22. Qc3 Kh7 23. h3 Rc8 24. Qb2 Rc5 25. Nd6 Qc7 26. b4 Rc6 27. Qe5 Rd8 28. Qf5+ g6 29. Qxf6 Rcxd6 30. Rxd6 Rxd6 31. Qf4 Qe7 32. Rc1 Rf6 33. Qh4 Re6 34. Qxe7 Rxe7 35. Kf1 Kg7 36. b5 Rd7 37. g4 hxg4 38. hxg4 Kf6 39. Rc4 Ke5 40. Ke2 f5 41. f4+ exf3+ 42. Kxf3 Rd3 43. Ra4 fxg4+ 44. Rxg4 Ra3 45. Rxg6 Rxa2 46. Rg5+ Kf6 47. Rh5 Rb2 48. Ke4 Rb4+ 49. Kd3 Ke6 50. e4 Rb1 51. Rh6+ Ke5 52. Rh7 Rd1+ 53. Kc2 Ra1 1/2-1/2

[Event "Kaluga Tsiolkovsky Memorial op"]
[Site "Kaluga"]
[Date "2012.08.03"]
[Round "5"]
[White "Torlopov, Nikita"]
[Black "Provotorov, Alexandr P"]
[Result "1/2-1/2"]
[WhiteElo "2218"]
[BlackElo "2361"]
[PlyCount "65"]
[EventDate "2012.07.30"]
[EventType "swiss"]
[EventRounds "9"]
[EventCountry "RUS"]
[SourceTitle "EXT 2014"]
[Source "ChessBase"]
[SourceDate "2013.11.20"]
[SourceVersion "1"]
[SourceVersionDate "2013.11.20"]
[SourceQuality "1"]

1. d4 d5 2. c4 c6 3. Nf3 Nf6 4. Nc3 dxc4 5. g3 g6 6. Bg2 Bg7 7. 0-0 0-0 8. e4 b5 9. Re1 a6 10. a4 b4 11. e5 bxc3 12. exf6 cxb2 13. Bxb2 Bxf6 14. Qc2 Be6 15. Rxe6 fxe6 16. Qxc4 Qd5 17. Qe2 Ra7 18. Bh3 Kh8 19. Bxe6 Qd6 20. Ba3 Qd8 21. Rd1 Qa5 22. Ne5 Qxa4 23. Bc1 Qb5 24. Bc4 Qb6 25. Nf7+ Rxf7 26. Bxf7 Nd7 27. Be3 Rb7 28. h4 Qb5 29. Bc4 Qf5 30. Bxa6 Rb1 31. Bd3 Rxd1+ 32. Qxd1 Qd5 33. Be2 1/2-1/2

[Event "Kislovodsk Narzan op"]
[Site "Kislovodsk"]
[Date "2012.07.03"]
[Round "3"]
[White "Beglaryan, Araik"]
[Black "Torlopov, Nikita"]
[Result "1/2-1/2"]
[WhiteElo "2109"]
[BlackElo "2218"]
[PlyCount "280"]
[EventDate "2012.07.01"]
[EventType "swiss"]
[EventRounds "9"]
[EventCountry "RUS"]
[SourceTitle "EXT 2013"]
[Source "ChessBase"]
[SourceDate "2012.11.22"]
[SourceVersion "1"]
[SourceVersionDate "2012.11.22"]
[SourceQuality "1"]

1. c4 e6 2. Nf3 Nf6 3. Nc3 d5 4. cxd5 exd5 5. d3 Bd6 6. g3 0-0 7. Bg2 c6 8. 0-0 Bg4 9. Qa4 Nbd7 10. e4 Nc5 11. Qc2 dxe4 12. dxe4 Bxf3 13. Bxf3 Ne6 14. Be3 Qe7 15. Rfe1 Bc5 16. Bg2 Rfd8 17. Rad1 Rxd1 18. Qxd1 Rd8 19. Qa4 Ng4 20. Nd1 Bxe3 21. Nxe3 Nxe3 22. Rxe3 Qc5 23. Rc3 Rd4 24. Qb3 Qe7 25. Re3 Rd2 26. Qc3 Qd6 27. Bf1 Qd4 28. Qxd4 Nxd4 29. Rd3 Rxd3 30. Bxd3 Nf3+ 31. Kh1 Kf8 32. Be2 Nd4 33. Bd1 Ke7 34. Kg2 Kd6 35. f4 Kc5 36. Kf2 f6 37. Ke3 a5 38. Kd3 Nb5 39. Bb3 Nd4 40. Bd1 b5 41. Bg4 a4 42. a3 Nb3 43. Bd1 Na5 44. Kc3 Nc4 45. Be2 Ne3 46. Kd3 Nc4 47. Kc3 Na5 48. Bd1 Nb7 49. Bg4 Nd6 50. Bf3 Nf7 51. Bg4 Nd8 52. Bc8 Nf7 53. Bg4 g5 54. Bf3 gxf4 55. gxf4 Nd6 56. h3 Nc8 57. Bg4 Ne7 58. Bh5 Nc8 59. Bg4 Nd6 60. Bf3 Ne8 61. Bh5 Nc7 62. Bg4 h6 63. h4 Na6 64. Bc8 b4+ 65. axb4+ Nxb4 66. Be6 Na6 67. Bf5 Nc7 68. Bg4 Nb5+ 69. Kd3 Nd6 70. Bf3 Nc4 71. Kc3 Ne3 72. Kd3 Nc4 73. Kc3 Ne3 74. h5 Nc4 75. Bd1 Ne3 76. Bxa4 Ng2 77. f5 Ne3 78. Bb3 Ng4 79. Bc2 Ne5 80. Bd1 Nf7 81. Be2 Ng5 82. Bd3 Nf3 83. Bc2 Ne5 84. Bd1 Nf7 85. Bc2 Ne5 86. b4+ Kd6 87. Bd1 Nd7 88. Kd4 c5+ 89. bxc5+ Nxc5 90. Bc2 Nd7 91. Bd1 Ne5 92. Be2 Nc6+ 93. Ke3 Ke5 94. Bb5 Na5 95. Bd3 Nb7 96. Bb1 Nd6 97. Bd3 Nf7 98. Bf1 Nd8 99. Bb5 Nb7 100. Bd3 Nd6 101. Bb1 Nc4+ 102. Kd3 Nb2+ 103. Ke3 Nd1+ 104. Kd2 Nf2 105. Ke3 Nh3 106. Bc2 Ng5 107. Bd3 Nf7 108. Bc4 Nd6 109. Bd3 Nc8 110. Bc2 Ne7 111. Bd1 Kd6 112. Ba4 Ke5 113. Bd1 Nc6 114. Bc2 Nb4 115. Bb3 Na6 116. Bd1 Nc5 117. Bc2 Nb7 118. Bb1 Na5 119. Ba2 Nc6 120. Bb3 Nb4 121. Ba4 Na2 122. Bb3 Nc3 123. Bc2 Nb5 124. Bd1 Nd6 125. Bc2 Nc4+ 126. Kd3 Nb6 127. Ke3 Kd6 128. Kd4 Nd7 129. Bd1 Ne5 130. Be2 Nc6+ 131. Ke3 Kc5 132. Bd1 Kc4 133. Be2+ Kc3 134. Bb5 Ne5 135. Be2 Nf7 136. Bf1 Ne5 137. Be2 Nc6 138. Bb5 Ne5 139. Be2 Nc6 140. Bb5 Ne5 1/2-1/2

[Event "Kimry op Aug"]
[Site "Kimry"]
[Date "2011.08.31"]
[Round "5"]
[White "Torlopov, Nikita"]
[Black "Nadeev, Sergey Vladimirovic"]
[Result "1/2-1/2"]
[WhiteElo "2114"]
[BlackElo "2323"]
[PlyCount "72"]
[EventDate "2011.08.29"]
[EventType "swiss"]
[EventRounds "7"]
[EventCountry "RUS"]
[SourceTitle "CBM 144 Extra"]
[Source "ChessBase"]
[SourceDate "2011.10.28"]
[SourceVersion "1"]
[SourceVersionDate "2011.10.28"]
[SourceQuality "1"]

1. d4 Nf6 2. Nf3 e6 3. c4 b6 4. e3 Bb7 5. Bd3 c5 6. 0-0 Be7 7. Nc3 0-0 8. b3 cxd4 9. Nxd4 d5 10. cxd5 Nxd5 11. Nxd5 Qxd5 12. f3 Qh5 13. Bb2 Rd8 14. Qe2 Nd7 15. Ba6 Bxa6 16. Qxa6 Bd6 17. g3 Nc5 18. Qe2 Rac8 19. Rfd1 a6 20. e4 Qg6 21. Rac1 Bf8 22. Kg2 h6 23. Rc2 Ra8 24. Rcd2 Rd6 25. Nc2 Rxd2 26. Rxd2 Qg5 27. Qe3 Qxe3 28. Nxe3 Be7 29. Kf2 Kf8 30. Ke2 h5 31. Nc4 b5 32. Ne5 Ke8 33. Nc6 Bf8 34. Rc2 Rc8 35. Nb4 Rd8 36. Nc6 Rc8 1/2-1/2

[Event "Kimry 56 Rtng winter"]
[Site "Kimry"]
[Date "2011.01.23"]
[Round "5.2"]
[White "Torlopov, Nikita"]
[Black "Kobozeva, Viktoria"]
[Result "1-0"]
[WhiteElo "2125"]
[BlackElo "1658"]
[PlyCount "107"]
[EventDate "2011.01.21"]
[EventType "swiss"]
[EventRounds "8"]
[EventCountry "RUS"]
[SourceTitle "EXT 2022"]
[Source "ChessBase"]
[SourceDate "2021.10.06"]
[SourceVersion "1"]
[SourceVersionDate "2021.10.06"]
[SourceQuality "1"]

1. d4 Nf6 2. c4 g6 3. Nc3 Bg7 4. e4 d6 5. Nf3 0-0 6. Be2 c5 7. 0-0 Na6 8. d5 Nc7 9. Be3 a6 10. a4 b6 11. Nd2 e6 12. f4 Rb8 13. Qc2 exd5 14. Nxd5 Ncxd5 15. cxd5 Re8 16. Ra3 Qe7 17. Bf3 b5 18. axb5 axb5 19. Bf2 b4 20. Raa1 Nd7 21. Ra7 Rb7 22. Raa1 Rb8 23. Rfe1 Nb6 24. Kh1 Qf6 25. e5 dxe5 26. fxe5 Qd8 27. Qxc5 Rxe5 28. Bg3 Rxe1+ 29. Rxe1 Nd7 30. Qe3 Ra8 31. Qb3 Qb6 32. Nc4 Qf6 33. Qxb4 Bf8 34. Qc3 Qxc3 35. bxc3 Bb7 36. Ne3 Bg7 37. c4 Rc8 38. Bf4 Be5 39. Bxe5 Nxe5 40. Rc1 Nxf3 41. gxf3 Kf8 42. c5 Ke7 43. Kg2 Kf6 44. c6 Ba6 45. Ra1 Bd3 46. Rd1 Bb5 47. Ng4+ Kg7 48. Rc1 f6 49. Rc5 Bd3 50. d6 Bf5 51. Rxf5 Rxc6 52. Rd5 Rc8 53. Rb5 Rd8 54. Rb7+ 1-0

[Event "Kimry 56 Rtng winter"]
[Site "Kimry"]
[Date "2011.01.22"]
[Round "4.3"]
[White "Makhnev, Yuri"]
[Black "Torlopov, Nikita"]
[Result "0-1"]
[WhiteElo "1897"]
[BlackElo "2125"]
[PlyCount "104"]
[EventDate "2011.01.21"]
[EventType "swiss"]
[EventRounds "8"]
[EventCountry "RUS"]
[SourceTitle "EXT 2022"]
[Source "ChessBase"]
[SourceDate "2021.10.06"]
[SourceVersion "1"]
[SourceVersionDate "2021.10.06"]
[SourceQuality "1"]

1. e4 e6 2. Nf3 d5 3. e5 c5 4. c3 Nc6 5. d4 Bd7 6. a3 f6 7. Bd3 fxe5 8. Nxe5 Nf6 9. Bg5 Bd6 10. Nxd7 Qxd7 11. dxc5 Bxc5 12. Bxf6 gxf6 13. Qh5+ Qf7 14. Qxf7+ Kxf7 15. Nd2 Ne5 16. Bc2 Rhg8 17. g3 h5 18. Ke2 Rad8 19. Nf3 Nc4 20. b4 Bb6 21. a4 a6 22. Rhf1 Rc8 23. a5 Ba7 24. Rac1 Rc7 25. Nd2 Nd6 26. Nb1 Rgc8 27. f4 f5 28. Kd3 Ne4 29. Bd1 Kg6 30. Bf3 Nf2+ 31. Ke2 Ng4 32. Rh1 b5 33. Bxg4 hxg4 34. Kd3 Rh8 35. Rc2 Rch7 36. Re2 Kf6 37. Na3 Rc8 38. Nb1 Rc4 39. Nd2 Rc6 40. Nb1 Rc8 41. Rhe1 Re8 42. Rh1 Rhe7 43. Rhe1 Rc8 44. Rc2 Rec7 45. Rce2 Rc6 46. Re5 Rh8 47. R5e2 Rhc8 48. Re5 Kf7 49. R5e2 Bb8 50. Rc2 Bd6 51. Nd2 Bxb4 52. Rec1 Bxa5 0-1

[Event "Kimry op Jan"]
[Site "Kimry"]
[Date "2011.01.05"]
[Round "6"]
[White "Kudrin, Vladimir1111"]
[Black "Torlopov, Nikita"]
[Result "0-1"]
[WhiteElo "1970"]
[BlackElo "2125"]
[PlyCount "145"]
[EventDate "2011.01.02"]
[EventType "swiss"]
[EventRounds "9"]
[EventCountry "RUS"]
[SourceTitle "CBM 140 Extra"]
[Source "ChessBase"]
[SourceDate "2011.03.01"]
[SourceVersion "1"]
[SourceVersionDate "2011.03.01"]
[SourceQuality "1"]

1. Nf3 Nf6 2. b4 e6 3. a3 c5 4. bxc5 Bxc5 5. d4 Be7 6. c4 d5 7. e3 0-0 8. Be2 dxc4 9. Bxc4 b5 10. Bd3 Bb7 11. 0-0 a6 12. Nbd2 Nc6 13. Qe2 Qb6 14. Nb3 Bd6 15. Bb2 Qc7 16. Nc5 Bxc5 17. dxc5 e5 18. Ng5 Ne7 19. Rac1 h6 20. Nh3 Nd7 21. Qh5 f5 22. Bb1 Qc6 23. f3 Nf6 24. Qh4 Ng6 25. Qe1 Nd7 26. Rf2 Rac8 27. Rfc2 Ne7 28. e4 fxe4 29. fxe4 Rf6 30. Rf2 Rcf8 31. Rxf6 Rxf6 32. Qe3 Qe6 33. Nf2 Ng6 34. g3 Nh8 35. Bc2 Kh7 36. Bb3 Qe7 37. Bd5 Bc6 38. Nd3 Ng6 39. Nb4 Nb8 40. Bxc6 Nxc6 41. Nd5 Qe6 42. Nxf6+ Qxf6 43. Rd1 Na5 44. Qd3 Nc4 45. Bc1 Nf8 46. Qd5 Ne6 47. c6 Qe7 48. a4 Nd4 49. axb5 axb5 50. Kg2 Qf6 51. Rxd4 exd4 52. c7 Nb6 53. Qxb5 g6 54. Qe8 d3 55. c8Q Nxc8 56. Qxc8 Qd4 57. Qc7+ Kg8 58. Qf4 Qc4 59. Bd2 g5 60. Qe3 g4 61. Kf2 Qf7+ 62. Qf4 Qa7+ 63. Kg2 Qd4 64. Qxg4+ Kh8 65. Qf4 Kg8 66. Kf3 Qg1 67. h4 Qh2 68. Qxh6 Qe2+ 69. Kf4 Qxd2+ 70. Kf5 Qxh6 71. e5 d2 72. g4 Qxh4 73. e6 0-1

[Event "Kimry op 52nd"]
[Site "Kimry"]
[Date "2010.06.12"]
[Round "5"]
[White "Chernyaev, Vladimir"]
[Black "Torlopov, Nikita"]
[Result "0-1"]
[WhiteElo "1802"]
[BlackElo "2150"]
[PlyCount "116"]
[EventDate "2010.06.10"]
[EventType "swiss"]
[EventRounds "7"]
[EventCountry "RUS"]
[SourceTitle "CBM 136 Extra"]
[Source "ChessBase"]
[SourceDate "2010.07.02"]
[SourceVersion "2"]
[SourceVersionDate "2010.07.15"]
[SourceQuality "1"]

1. c4 Nf6 2. Nc3 g6 3. d4 Bg7 4. e4 d6 5. Nf3 0-0 6. Be2 e5 7. d5 Na6 8. Bg5 h6 9. Bh4 g5 10. Bg3 Nh5 11. h4 Nxg3 12. fxg3 gxh4 13. Nxh4 Qg5 14. g4 Qf4 15. Qd2 Qg3+ 16. Kd1 Bxg4 17. Bxg4 Qxg4+ 18. Kc2 f5 19. Nxf5 Rxf5 20. exf5 Qxf5+ 21. Kb3 Re8 22. Raf1 Qg6 23. g4 e4 24. Nd1 Nc5+ 25. Ka3 a5 26. Ne3 Nd3 27. Nf5 Bxb2+ 28. Kb3 a4+ 29. Kc2 Bg7 30. Nxh6+ Bxh6 31. Qxh6 Qxh6 32. Rxh6 Nc5 33. Re1 Kg7 34. g5 Re5 35. Rh5 Rf5 36. Re2 Rf1 37. Rg2 Rf5 38. Rh6 a3 39. g6 Kxh6 40. g7 Rf2+ 41. Rxf2 Kxg7 42. Re2 Kf6 43. Re3 Ke5 44. Rxa3 Kd4 45. Kd2 Kxc4 46. Rh3 Kxd5 47. Ke3 Kc4 48. Rh7 c6 49. Rh6 d5 50. Rd6 Na4 51. Rd7 b5 52. Rc7 c5 53. Rh7 Nc3 54. Rh2 d4+ 55. Kd2 Nxa2 56. Rh1 e3+ 57. Kc2 Nc3 58. Rd1 Nxd1 0-1

[Event "Kimry op 52nd"]
[Site "Kimry"]
[Date "2010.06.10"]
[Round "1"]
[White "Vrkoch, Ludmila"]
[Black "Torlopov, Nikita"]
[Result "0-1"]
[WhiteElo "1707"]
[BlackElo "2150"]
[PlyCount "52"]
[EventDate "2010.06.10"]
[EventType "swiss"]
[EventRounds "7"]
[EventCountry "RUS"]
[SourceTitle "CBM 136 Extra"]
[Source "ChessBase"]
[SourceDate "2010.07.02"]
[SourceVersion "2"]
[SourceVersionDate "2010.07.15"]
[SourceQuality "1"]

1. e4 e6 2. Nf3 d5 3. e5 c5 4. d4 Nc6 5. Bb5 Bd7 6. 0-0 Nxe5 7. dxe5 Bxb5 8. Re1 Ne7 9. Bg5 Qc7 10. Bxe7 Bxe7 11. b3 0-0 12. Nbd2 Rfd8 13. Nf1 Bxf1 14. Rxf1 Rac8 15. Qd2 Qb6 16. Qf4 c4 17. g4 cxb3 18. cxb3 Rc7 19. g5 Rdc8 20. g6 fxg6 21. h4 Rc3 22. Kh2 Rf8 23. Qd4 Rcxf3 24. Qxb6 axb6 25. Rac1 Bc5 26. h5 gxh5 0-1